| 000 | 00574nam a22001697a 4500 | ||
|---|---|---|---|
| 999 |
_c15275 _d15275 |
||
| 003 | OSt | ||
| 082 | _2631.3 ANA/DE | ||
| 088 | _aT 61 | ||
| 100 |
_aANANDABOSE D _92904 |
||
| 245 | _aDevelopment and performance evaluation of a black pepper skinner | ||
| 260 |
_aTavanur 1996 _bKelappaji College of Agricultrual Engineering and Technology |
||
| 300 | _a86 | ||
| 500 | _aDevelopment and performance evaluation of a black pepper skinner | ||
| 520 | _aDevelopment and performance evaluation of a black pepper skinner | ||
| 700 |
_aEr. Jippu Jacob (Guide) _92268 |
||
| 942 | _cTH | ||